[Event "32nd Benasque Open"]
[Site "Benasque ESP"]
[Date "2012.07.12"]
[EventDate "2012.07.05"]
[Round "8.3"]
[Result "1/2-1/2"]
[White "Gawain Jones"]
[Black "David Anton Guijarro"]
[WhiteElo "2655"]
[BlackElo "2490"]
[PlyCount "122"]

1. d4 Nf6 2. c4 e6 3. Nc3 Bb4 4. f3 O-O 5. a3 Bxc3+ 6. bxc3
Nc6 7. e4 Nh5 8. Nh3 d6 9. f4 Nf6 10. Nf2 e5 11. Be2 Qe7
12. d5 Na5 13. f5 Nd7 14. h4 Nc5 15. f6 gxf6 16. Bh6 Kh8
17. Bxf8 Qxf8 18. g4 Bd7 19. Rb1 Qh6 20. Rb4 Qf4 21. Rh3 Rg8
22. Rf3 Qh2 23. Rxf6 Qxh4 24. Rxf7 Be8 25. Rf3 Nxe4 26. Qc1
Ng5 27. Rf6 Bg6 28. Qe3 Kg7 29. Rf5 Bxf5 30. gxf5 Qf4 31. Qxf4
exf4 32. c5 f3 33. cxd6 cxd6 34. Bd3 h5 35. Rh4 Rh8 36. Nh3
Nxh3 37. Rxh3 h4 38. c4 Nb3 39. Kf2 Kf6 40. Kxf3 Kg5 41. Kg2
Nc5 42. Bc2 Re8 43. Kf3 Re1 44. Rh2 Rf1+ 45. Ke3 Rg1 46. f6
Rg3+ 47. Ke2 Kxf6 48. Rxh4 Rxa3 49. Kd2 Rf3 50. Rh8 Ke7
51. Rh7+ Rf7 52. Rh8 Kd7 53. Bg6 Rg7 54. Bf5+ Ke7 55. Bc2 a5
56. Ra8 Kf6 57. Rxa5 Ke5 58. Kc3 Rg3+ 59. Kb4 Rg2 60. Ra2 Kd4
61. Bb1 Rxa2 1/2-1/2

[Event "Chess Olympiad"]
[Site "Istanbul TUR"]
[Date "2012.08.29"]
[EventDate "2012.08.28"]
[Round "2.10"]
[Result "1/2-1/2"]
[White "Giovanni Portilho Vescovi"]
[Black "Gawain Jones"]
[WhiteElo "2617"]
[BlackElo "2653"]
[PlyCount "72"]

1. d4 g6 2. c4 Bg7 3. Nc3 Nf6 4. e4 d6 5. Nf3 O-O 6. Be2 c6
7. O-O e5 8. Re1 Nbd7 9. Bf1 Qe7 10. Rb1 a5 11. Bg5 h6 12. Bh4
g5 13. Bg3 Nh5 14. dxe5 dxe5 15. Nxe5 Nxe5 16. Bxe5 Qxe5
17. Qxh5 a4 18. a3 Be6 19. Qd1 Rfd8 20. Qc2 Rd4 21. Nxa4 b5
22. Nc3 bxc4 23. Rbd1 c5 24. Rc1 Rd7 25. Nd5 Qxb2 26. Qxb2
Bxb2 27. Nb6 Bxc1 28. Rxc1 Rda7 29. Nxa8 Rxa8 30. Bxc4 Bxc4
31. Rxc4 Rxa3 32. h4 Ra5 33. hxg5 hxg5 34. Kh2 Kg7 35. Kg3 Kg6
36. Kg4 f6 1/2-1/2

[Event "Chess Olympiad"]
[Site "Istanbul TUR"]
[Date "2012.09.03"]
[EventDate "2012.08.28"]
[Round "6.8"]
[Result "1-0"]
[White "Michele Godena"]
[Black "Gawain Jones"]
[WhiteElo "2516"]
[BlackElo "2653"]
[PlyCount "99"]

1. e4 c5 2. c3 g6 3. d4 cxd4 4. cxd4 d5 5. exd5 Nf6 6. Nc3 Bg7
7. Bb5+ Nbd7 8. d6 a6 9. dxe7 Qxe7+ 10. Be2 b5 11. Be3 Bb7
12. Bf3 Nb6 13. Bxb7 Qxb7 14. Qf3 Qxf3 15. Nxf3 Nc4 16. b3
Nxe3 17. fxe3 Rc8 18. Kd2 Bh6 19. Rac1 O-O 20. Ne5 Rcd8
21. Ke2 Rfe8 22. Rhf1 Nd7 23. Nd5 Nxe5 24. Nf6+ Kh8 25. Nxe8
Ng4 26. Nc7 Nxe3 27. Rxf7 Kg8 28. Rf3 Nf5 29. Rd1 Rxd4
30. Rfd3 Re4+ 31. Kf3 Rf4+ 32. Ke2 Re4+ 33. Kf2 Be3+ 34. Kf1
Rf4+ 35. Ke1 Bf2+ 36. Ke2 Bc5 37. Rd8+ Kf7 38. R8d7+ Kg8
39. Rd8+ Kf7 40. R8d7+ Kg8 41. Nd5 Rf2+ 42. Kd3 Nh6 43. Rd2
Rf1 44. Ke2 Rf2+ 45. Ke1 Rf5 46. Rc2 Bf8 47. Rc8 Kh8 48. h3
Ng8 49. g4 Re5+ 50. Kf1 1-0

[Event "Chess Olympiad"]
[Site "Istanbul TUR"]
[Date "2012.09.04"]
[EventDate "2012.08.28"]
[Round "7.9"]
[Result "1/2-1/2"]
[White "Gawain Jones"]
[Black "Merab Gagunashvili"]
[WhiteElo "2653"]
[BlackElo "2578"]
[PlyCount "98"]

1. e4 c5 2. Nf3 Nf6 3. e5 Nd5 4. Nc3 e6 5. Nxd5 exd5 6. d4 Nc6
7. c3 d6 8. Bb5 dxe5 9. Nxe5 Bd7 10. Nxd7 Qxd7 11. O-O cxd4
12. Bg5 f6 13. Bf4 Be7 14. cxd4 O-O 15. Rc1 Bd6 16. Qf3 Bxf4
17. Qxf4 Rae8 18. Bd3 f5 19. Rc5 Rd8 20. Bc2 Qd6 21. Qd2 Qf6
22. Rd1 Rfe8 23. g3 Rd6 24. Bb3 Red8 25. h4 h5 26. Qf4 g6
27. a3 Kg7 28. Bc2 R8d7 29. b4 Nd8 30. Qe5 Nf7 31. Qxf6+ Kxf6
32. Ba4 Re7 33. Bb3 Red7 34. Ba4 Re7 35. Bb3 Red7 36. Re1 b6
37. Rc8 Nd8 38. Ba4 Rg7 39. f4 Ne6 40. Rd1 Rc7 41. Rxc7 Nxc7
42. Kf2 Ke7 43. Rc1 Kd8 44. Ke3 Re6+ 45. Kd2 Re4 46. Bc2 Re7
47. Bb3 Re6 48. Ba4 Re4 49. Bc2 Re6 1/2-1/2

[Event "Chess Olympiad"]
[Site "Istanbul TUR"]
[Date "2012.09.05"]
[EventDate "2012.08.28"]
[Round "8.6"]
[Result "1-0"]
[White "Oliver Barbosa"]
[Black "Gawain Jones"]
[WhiteElo "2554"]
[BlackElo "2653"]
[PlyCount "203"]

1. d4 Nf6 2. c4 g6 3. Nc3 Bg7 4. e4 d6 5. f3 O-O 6. Nge2 Nc6
7. Be3 a6 8. Qd2 Rb8 9. Rc1 Bd7 10. Nd1 b5 11. c5 Re8 12. Nf2
dxc5 13. Rxc5 e5 14. d5 Ne7 15. Qc1 Bf8 16. Bg5 Nc8 17. Rc2
Bb4+ 18. Bd2 Bxd2+ 19. Qxd2 Nd6 20. Ng3 Rc8 21. Be2 h5 22. Qh6
c6 23. dxc6 Qa5+ 24. Qd2 Qxd2+ 25. Kxd2 Bxc6 26. Rhc1 Bd7
27. Rxc8 Bxc8 28. Nf1 Rd8 29. Ke1 Be6 30. Nd2 h4 31. Nd3 Nh5
32. Nxe5 Nf4 33. Bf1 a5 34. a3 b4 35. axb4 axb4 36. Nc6 Ra8
37. b3 h3 38. g3 Ng2+ 39. Ke2 f5 40. e5 Nb5 41. Nxb4 Rd8
42. Nd3 Ra8 43. Bxg2 hxg2 44. Nf4 Nd4+ 45. Ke3 Ra2 46. Kxd4
Rxd2+ 47. Ke3 Rc2 48. Rg1 Bxb3 49. Rxg2 Rc3+ 50. Kd4 Rxf3
51. Nxg6 Rf1 52. Rb2 Bf7 53. Nf4 Re1 54. Re2 Rd1+ 55. Kc5 Kf8
56. e6 Be8 57. Re5 Rc1+ 58. Kd6 Rc6+ 59. Kd5 Ke7 60. Rxf5 Rc1
61. Re5 Bc6+ 62. Kd4 Rd1+ 63. Kc3 Ra1 64. Re2 Ra3+ 65. Kd4 Ra1
66. Nd5+ Kd6 67. Ne3 Ra4+ 68. Nc4+ Ke7 69. Kc5 Bf3 70. Re3 Bg4
71. Ra3 Rxa3 72. Nxa3 Kxe6 73. Kd4 Kf5 74. Nc4 Be2 75. Ne3+
Kg5 76. Ke5 Bf3 77. h4+ Kh5 78. Kf4 Be2 79. Nd5 Bd1 80. Nf6+
Kg6 81. Ng4 Kh5 82. Ne5 Bb3 83. Nd7 Be6 84. Nf6+ Kg6 85. Ne8
Bb3 86. g4 Bd1 87. Nd6 Be2 88. h5+ Kh7 89. Nf5 Bd1 90. Ng3 Ba4
91. Ke5 Bd1 92. g5 Kg7 93. Nf5+ Kh8 94. h6 Kh7 95. Kf6 Bh5
96. Ng7 Bg6 97. Ne6 Bc2 98. Nf8+ Kg8 99. g6 Kh8 100. Ne6 Bb1
101. Ng5 Bc2 102. Nf7+ 1-0

[Event "Chess Olympiad"]
[Site "Istanbul TUR"]
[Date "2012.09.07"]
[EventDate "2012.08.28"]
[Round "10.17"]
[Result "0-1"]
[White "Martin Santiago Crosa Coll"]
[Black "Gawain Jones"]
[WhiteElo "2344"]
[BlackElo "2653"]
[PlyCount "46"]

1. e4 c5 2. Nf3 d6 3. c3 Nf6 4. Bd3 Nc6 5. Bc2 Bg4 6. d3 e6
7. Nbd2 d5 8. h3 Bh5 9. Qe2 Be7 10. Nf1 c4 11. exd5 cxd3
12. Bxd3 Qxd5 13. Bc4 Qa5 14. Ng3 Nd4 15. Qd1 Nxf3+ 16. gxf3
Bg6 17. Qb3 O-O 18. Be3 Rab8 19. Bf4 e5 20. Be3 b5 21. Be2
Rfd8 22. h4 b4 23. Rd1 bxc3 0-1

[Event "Bundesliga"]
[Site "Forchheim GER"]
[Date "2012.10.21"]
[EventDate "2012.10.20"]
[Round "2"]
[Result "1/2-1/2"]
[White "Ilja Schneider"]
[Black "Gawain Jones"]
[WhiteElo "2489"]
[BlackElo "2641"]
[PlyCount "87"]

1. e4 c5 2. c3 d5 3. exd5 Qxd5 4. Nf3 Nc6 5. Na3 Nf6 6. Be2 g6
7. d4 cxd4 8. Nb5 Qd7 9. Nbxd4 Bg7 10. O-O O-O 11. Bg5 Qc7
12. Qc1 e5 13. Nxc6 bxc6 14. Bc4 Bg4 15. Nd2 h6 16. Bxf6 Bxf6
17. Ne4 Bg7 18. Qe3 Rae8 19. Qc5 Rd8 20. f3 Bf5 21. Rad1 Rxd1
22. Rxd1 Rb8 23. Qd6 Qxd6 24. Rxd6 Rxb2 25. Rxc6 Rb1+ 26. Kf2
Rb2+ 27. Kg3 Rb7 28. Nd6 Re7 29. Bxf7+ Rxf7 30. Nxf7 Kxf7
31. Rc7+ Kf8 32. Rxa7 e4 33. fxe4 Bxe4 34. Ra4 Bf5 35. Ra8+
Ke7 36. Ra7+ Bd7 37. c4 Be5+ 38. Kf3 Bxh2 39. Ke4 Kd6 40. c5+
Kc6 41. Ra6+ Kxc5 42. Rxg6 Bc6+ 43. Ke3 Be5 44. Rxh6 1/2-1/2

[Event "Bundesliga"]
[Site "Wiesbaden GER"]
[Date "2012.11.10"]
[EventDate "2012.10.20"]
[Round "3"]
[Result "1-0"]
[White "Gawain Jones"]
[Black "Mladen Palac"]
[WhiteElo "2641"]
[BlackElo "2600"]
[PlyCount "69"]

1. c4 Nf6 2. Nc3 e5 3. g3 Bb4 4. Bg2 O-O 5. e4 Bxc3 6. bxc3
Re8 7. d3 h6 8. Ne2 c6 9. O-O d6 10. Rb1 Nbd7 11. h3 Qa5
12. Qc2 a6 13. Be3 b5 14. f4 bxc4 15. d4 Qc7 16. dxe5 dxe5
17. f5 a5 18. Rfd1 Ba6 19. g4 Rab8 20. Ng3 Rxb1 21. Qxb1 Rb8
22. Qc1 Qb7 23. Qa3 Qc7 24. Bf3 Rd8 25. Be2 Bb5 26. Kg2 Nf8
27. Rb1 Ne8 28. Nh5 f6 29. Qc5 Nd6 30. Rxb5 Nd7 31. Rb7 Qxb7
32. Qxd6 Qb2 33. Qe7 Qxe2+ 34. Bf2 Qxe4+ 35. Kg1 1-0

[Event "Bundesliga"]
[Site "Wiesbaden GER"]
[Date "2012.11.11"]
[EventDate "2012.10.20"]
[Round "4"]
[Result "1/2-1/2"]
[White "Piotr Murdzia"]
[Black "Gawain Jones"]
[WhiteElo "2471"]
[BlackElo "2641"]
[PlyCount "123"]

1. d4 Nf6 2. c4 g6 3. Nc3 Bg7 4. Nf3 O-O 5. g3 d6 6. Bg2 Nc6
7. O-O a6 8. a3 Na5 9. Nd2 Nd7 10. e3 c5 11. Ne2 Nc6 12. Nf3
e5 13. b3 e4 14. Nd2 f5 15. Bb2 Nf6 16. Qc2 Qe8 17. Rad1 g5
18. dxc5 dxc5 19. Nc3 Ng4 20. Nd5 Qg6 21. h3 Nf6 22. f3 Nxd5
23. cxd5 Ne5 24. fxe4 g4 25. h4 Bd7 26. Rf4 Nf3+ 27. Nxf3 gxf3
28. Bxg7 Qxg7 29. Bxf3 fxe4 30. Bxe4 Qxg3+ 31. Qg2 Qxg2+
32. Kxg2 Rxf4 33. exf4 Kf7 34. Kf3 Rg8 35. Rc1 b6 36. b4 cxb4
37. axb4 Kf6 38. Rc7 Rg7 39. Ke3 a5 40. bxa5 bxa5 41. Ra7 a4
42. Kd4 Bb5 43. Ra5 Rb7 44. Kc5 Be8 45. Ra6+ Kg7 46. d6 Rb5+
47. Kd4 a3 48. Rxa3 Kf6 49. Re3 Bd7 50. Bd3 Rb6 51. Kc5 Rc6+
52. Kd5 Rc3 53. Kd4 Rc6 54. Bxh7 Rxd6+ 55. Kc5 Ra6 56. Be4 Bf5
57. Bc6 Ra2 58. Re8 Bg6 59. Re5 Rf2 60. Kd6 Rxf4 61. h5 Rd4+
62. Rd5 1/2-1/2

[Event "Hastings Chess Congress"]
[Site "Hastings ENG"]
[Date "2012.12.29"]
[EventDate "2012.12.28"]
[Round "2.1"]
[Result "1/2-1/2"]
[White "Gao Rui"]
[Black "Gawain Jones"]
[WhiteElo "2450"]
[BlackElo "2644"]
[PlyCount "39"]

1. e4 e5 2. Nf3 Nc6 3. Bb5 a6 4. Ba4 Nf6 5. O-O Be7 6. Re1 b5
7. Bb3 d6 8. c3 O-O 9. h3 Nb8 10. d4 Nbd7 11. c4 c5 12. dxe5
Nxe5 13. Nxe5 dxe5 14. Nc3 Qxd1 15. Rxd1 Rb8 16. cxb5 axb5
17. Nd5 Nxd5 18. Bxd5 Rd8 19. Be3 Be6 20. Bxe6 1/2-1/2

[Event "Hastings Chess Congress"]
[Site "Hastings ENG"]
[Date "2012.12.31"]
[EventDate "2012.12.28"]
[Round "4"]
[Result "1/2-1/2"]
[White "Glenn Flear"]
[Black "Gawain Jones"]
[WhiteElo "2481"]
[BlackElo "2644"]
[PlyCount "74"]

1. d4 Nf6 2. c4 g6 3. Nc3 Bg7 4. e4 d6 5. f4 c5 6. d5 O-O
7. Nf3 e6 8. dxe6 fxe6 9. Bd3 Nc6 10. O-O Nd4 11. Bd2 Nh5
12. Ng5 e5 13. fxe5 dxe5 14. Rxf8+ Qxf8 15. Qf1 Bg4 16. Nd5
Nf4 17. h3 Bd7 18. Bc3 h6 19. Bxd4 cxd4 20. Nxf4 Qxf4 21. Qxf4
exf4 22. Nf3 g5 23. Re1 Be6 24. b3 Rd8 25. Kf1 Bf8 26. e5 b6
27. Rd1 a5 28. Be2 Bc5 29. Bd3 Kf7 30. Ke2 Ke7 31. Be4 Bf7
32. Bf5 Bh5 33. Kd3 Bb4 34. Rf1 Bc3 35. Rf2 Rf8 36. Be4 Rd8
37. Bf5 Rf8 1/2-1/2

[Event "Kilkenny Masters"]
[Site "Kilkenny IRL"]
[Date "2012.11.23"]
[EventDate "2012.11.23"]
[Round "1.3"]
[Result "1-0"]
[White "Gawain Jones"]
[Black "Ciaran Quinn"]
[WhiteElo "2644"]
[BlackElo "2092"]
[PlyCount "41"]

1. e4 e5 2. Nf3 Nc6 3. d4 exd4 4. Nxd4 Nf6 5. Nxc6 bxc6 6. e5
Qe7 7. Qe2 Nd5 8. c4 Nb6 9. Nc3 Qe6 10. Qe4 Bc5 11. Bd3 Ba6
12. b3 d5 13. exd6 cxd6 14. O-O Qxe4 15. Nxe4 Bd4 16. Nxd6+
Kd7 17. Bf4 Bxa1 18. Rxa1 g5 19. Bf5+ Kc7 20. Bg3 Rhf8 21. Rd1
1-0

[Event "Kilkenny Masters"]
[Site "Kilkenny IRL"]
[Date "2012.11.24"]
[EventDate "2012.11.23"]
[Round "2.3"]
[Result "0-1"]
[White "Kieran Moynihan"]
[Black "Gawain Jones"]
[WhiteElo "2179"]
[BlackElo "2644"]
[PlyCount "54"]

1. d4 Nf6 2. c4 g6 3. Nc3 Bg7 4. e4 d6 5. Nf3 O-O 6. h3 e5
7. d5 Nh5 8. Nh2 Qe8 9. Be2 Nf4 10. Bf3 f5 11. g3 Nxh3 12. Bg2
fxe4 13. Nxe4 Bf5 14. Be3 Nf4 15. Bf3 Nd7 16. g4 Bxe4 17. Bxe4
Nf6 18. Bc2 Ng2+ 19. Ke2 Nxe3 20. fxe3 e4 21. Qg1 b5 22. Bb3
bxc4 23. Bxc4 Nd7 24. Qg2 Nb6 25. b3 Nxc4 26. bxc4 Bxa1
27. Rxa1 Qe5 0-1

[Event "Kilkenny Masters"]
[Site "Kilkenny IRL"]
[Date "2012.11.24"]
[EventDate "2012.11.23"]
[Round "3.1"]
[Result "1-0"]
[White "Gawain Jones"]
[Black "Alexander Baburin"]
[WhiteElo "2644"]
[BlackElo "2534"]
[PlyCount "111"]

1. e4 c5 2. Nc3 e6 3. f4 Nf6 4. Nf3 d5 5. e5 Nfd7 6. d4 Nc6
7. Be3 a6 8. Qd2 b5 9. a3 Qc7 10. Rd1 cxd4 11. Nxd4 Nxd4
12. Bxd4 Bc5 13. Bxc5 Qxc5 14. Bd3 O-O 15. Ne2 f6 16. Nd4 Qb6
17. Qe3 fxe5 18. fxe5 Nc5 19. c3 Bd7 20. Bc2 a5 21. Nf3 Be8
22. Rd4 Nd7 23. Ng5 h6 24. Nf3 Bh5 25. Qd3 Rf5 26. g4 Nxe5
27. Nxe5 Rxe5+ 28. Kd2 Be8 29. Qh7+ Kf8 30. Rf1+ Ke7 31. Qxg7+
Kd6 32. Qxh6 Bd7 33. Qf4 Qd8 34. Kd1 Qh4 35. Rf2 Qg5 36. Qxg5
Rxg5 37. h4 Rg7 38. Rf6 Ke7 39. g5 Rh8 40. Bg6 Be8 41. Bxe8
Rxe8 42. Rd3 Rh7 43. Rh3 Rf7 44. Rxf7+ Kxf7 45. h5 Kg7 46. Ke2
Rf8 47. Ke3 e5 48. Rf3 Rxf3+ 49. Kxf3 a4 50. Kg4 e4 51. g6 Kf6
52. Kf4 Kg7 53. Kg5 e3 54. h6+ Kg8 55. Kf6 e2 56. h7+ 1-0

[Event "Kilkenny Masters"]
[Site "Kilkenny IRL"]
[Date "2012.11.24"]
[EventDate "2012.11.23"]
[Round "4.1"]
[Result "1/2-1/2"]
[White "Mark Hebden"]
[Black "Gawain Jones"]
[WhiteElo "2540"]
[BlackElo "2644"]
[PlyCount "20"]

1. d4 Nf6 2. Nf3 g6 3. Nc3 d5 4. Bf4 Bg7 5. Qd2 O-O 6. Bh6 Nc6
7. Bxg7 Kxg7 8. O-O-O Qd6 9. e3 Bg4 10. h3 Bxf3 1/2-1/2

[Event "Kilkenny Masters"]
[Site "Kilkenny IRL"]
[Date "2012.11.25"]
[EventDate "2012.11.23"]
[Round "5.1"]
[Result "1/2-1/2"]
[White "Gawain Jones"]
[Black "Keith Arkell"]
[WhiteElo "2644"]
[BlackElo "2462"]
[PlyCount "46"]

1. d4 e6 2. e4 d5 3. Nd2 dxe4 4. Nxe4 Bd7 5. Nf3 Bc6 6. Bd3
Nd7 7. O-O Ngf6 8. Ng3 Be7 9. Re1 Bxf3 10. Qxf3 c6 11. c4 O-O
12. Bd2 a5 13. a3 Re8 14. Bc3 Bf8 15. Ne4 Nxe4 16. Bxe4 Nf6
17. Bc2 b5 18. b3 a4 19. Qxc6 axb3 20. Bxb3 bxc4 21. Qxc4 Rxa3
22. Rxa3 Bxa3 23. Ba4 Rf8 1/2-1/2

[Event "Kilkenny Masters"]
[Site "Kilkenny IRL"]
[Date "2012.11.25"]
[EventDate "2012.11.23"]
[Round "6.1"]
[Result "0-1"]
[White "Sam E Collins"]
[Black "Gawain Jones"]
[WhiteElo "2471"]
[BlackElo "2644"]
[PlyCount "72"]

1. e4 c6 2. d4 d5 3. exd5 cxd5 4. c4 Nf6 5. Nc3 Nc6 6. Bg5 Be6
7. Nf3 g6 8. Bxf6 exf6 9. Be2 Bg7 10. O-O O-O 11. Qa4 f5
12. Rfd1 Bd7 13. Qa3 dxc4 14. Bxc4 Rc8 15. Bf1 Re8 16. Rac1
Bf8 17. Qb3 Na5 18. Qd5 Bh6 19. Rb1 Nc6 20. Ne5 Nxe5 21. dxe5
Bc6 22. Qc5 Qc7 23. Qxa7 Rxe5 24. Qd4 Rce8 25. a4 f4 26. b4
Rg5 27. Qc4 Bxg2 28. Qxc7 Bf3+ 29. Bg2 Rxg2+ 30. Kf1 Rxh2
31. Ne2 Rxe2 32. Rd8+ Bf8 33. Rxf8+ Kxf8 34. Qc5+ Re7 35. Qc8+
Re8 36. Qc5+ Kg8 0-1

[Event "TCh-ISL 2012-13"]
[Site "Reykjavik ISL"]
[Date "2012.10.06"]
[EventDate "2012.10.05"]
[Round "2.1"]
[Result "1-0"]
[White "Gawain Jones"]
[Black "Mads Andersen"]
[WhiteElo "2641"]
[BlackElo "2461"]
[PlyCount "67"]

1. d4 Nf6 2. c4 g6 3. f3 Nc6 4. d5 Ne5 5. e4 d6 6. Nc3 Bg7
7. f4 Ned7 8. Nh3 O-O 9. Be2 Nc5 10. Nf2 e6 11. O-O exd5
12. cxd5 Re8 13. Bf3 h5 14. h3 a5 15. Re1 Nfd7 16. Be3 b6
17. Qc2 Ba6 18. a4 Qf6 19. Rab1 Kh7 20. e5 dxe5 21. Nce4 Qd8
22. f5 Nxe4 23. fxg6+ fxg6 24. Nxe4 Bh6 25. Bxh5 Nf8 26. Qf2
Kg7 27. Bg4 Nh7 28. Bxh6+ Kxh6 29. Rbc1 Ra7 30. Qg3 Bb7
31. Be6 Bxd5 32. Bxd5 Qxd5 33. Qh4+ Kg7 34. Qxh7+ 1-0

[Event "TCh-ISL 2012-13"]
[Site "Reykjavik ISL"]
[Date "2012.10.06"]
[EventDate "2012.10.05"]
[Round "3.1"]
[Result "0-1"]
[White "Dagur Arngrimsson"]
[Black "Gawain Jones"]
[WhiteElo "2393"]
[BlackElo "2641"]
[PlyCount "94"]

1. d4 Nf6 2. c4 g6 3. Nc3 Bg7 4. Nf3 O-O 5. Bf4 d6 6. e3 c5
7. d5 Qb6 8. Qc2 e5 9. Bg5 h6 10. Bxf6 Bxf6 11. h4 Bg7 12. h5
g5 13. Be2 f5 14. g4 e4 15. Nd2 Nd7 16. gxf5 Nf6 17. Ncxe4
Nxe4 18. Nxe4 Bxf5 19. Bd3 Qb4+ 20. Kf1 b5 21. cxb5 Bxe4
22. Bxe4 Rae8 23. Bf5 Qxb2 24. Rb1 Qxc2 25. Bxc2 Rxe3 26. Re1
Ref3 27. Re2 Bd4 28. Rh2 Be5 29. Rg2 Rh3 30. Bg6 Rf4 31. Rd2
Rb4 32. Ke2 Rxb5 33. Rg4 Bf4 34. Rc2 Rh1 35. Kf3 Re1 36. Rc4
Rb4 37. Rc3 Rb2 38. Ra3 Ree2 39. Rg2 Rxa2 40. Rxa7 Rxa7
41. Kxe2 Ra1 42. f3 Kg7 43. Rf2 c4 44. Bc2 Kf6 45. Rf1 Rxf1
46. Kxf1 Ke5 47. Be4 g4 0-1

[Event "TCh-ISL 2012-13"]
[Site "Reykjavik ISL"]
[Date "2012.10.07"]
[EventDate "2012.10.05"]
[Round "4.1"]
[Result "1/2-1/2"]
[White "Gawain Jones"]
[Black "Yuriy Kryvoruchko"]
[WhiteElo "2641"]
[BlackElo "2679"]
[PlyCount "87"]

1. d4 Nf6 2. c4 e6 3. Nc3 Bb4 4. e3 b6 5. Ne2 Ne4 6. Qc2 Bb7
7. a3 Bxc3+ 8. Nxc3 Nxc3 9. Qxc3 O-O 10. b3 d6 11. Bb2 Nd7
12. O-O-O Qe7 13. f3 e5 14. Bd3 Rfe8 15. Bf5 Rad8 16. Bxd7
Rxd7 17. dxe5 dxe5 18. Qxe5 Qxe5 19. Bxe5 Rxd1+ 20. Rxd1 f6
21. Bf4 g5 22. Bxc7 Rxe3 23. Bb8 Bc6 24. Kc2 Re2+ 25. Rd2
Rxd2+ 26. Kxd2 a6 27. Kc3 Kf7 28. Ba7 b5 29. Kb4 Ke6 30. Ka5
bxc4 31. bxc4 f5 32. Kxa6 g4 33. Be3 f4 34. Bxf4 gxf3 35. gxf3
Kd7 36. Kb6 h5 37. Bg3 Bxf3 38. a4 Bh1 39. a5 Bg2 40. a6 Bh1
41. Ka7 Kc8 42. Kb6 Kd7 43. Kc5 Ke6 44. Kb5 1/2-1/2

[Event "Tradewise Gibraltar"]
[Site "Caleta ENG"]
[Date "2013.01.22"]
[EventDate "2013.01.22"]
[Round "1"]
[Result "1-0"]
[White "Gawain Jones"]
[Black "Andrew Philip Smith"]
[WhiteElo "2632"]
[BlackElo "2175"]
[PlyCount "45"]

1. e4 b6 2. d4 Bb7 3. Bd3 Nc6 4. c3 e5 5. Nf3 exd4 6. O-O dxc3
7. Nxc3 d6 8. Nd5 Be7 9. Qc2 a6 10. b4 Nf6 11. b5 Nxd5
12. bxc6 Nb4 13. cxb7 Nxc2 14. bxa8=Q Qxa8 15. Bxc2 Qc6
16. Bb3 O-O 17. Bb2 Bf6 18. e5 dxe5 19. Nxe5 Qb7 20. Rfe1 Qc8
21. Nxf7 Rxf7 22. Bxf6 gxf6 23. Re7 1-0

[Event "Tradewise Gibraltar"]
[Site "Caleta ENG"]
[Date "2013.01.29"]
[EventDate "2013.01.22"]
[Round "8"]
[Result "0-1"]
[White "Gawain Jones"]
[Black "Yu Yangyi"]
[WhiteElo "2632"]
[BlackElo "2688"]
[PlyCount "80"]

1. d4 d5 2. c4 e6 3. Nc3 Bb4 4. e3 Nf6 5. a3 Bxc3+ 6. bxc3 c6
7. Bd3 O-O 8. Nf3 b6 9. a4 Ba6 10. Ba3 dxc4 11. Bc2 Re8 12. e4
Nbd7 13. e5 Nd5 14. h4 f5 15. Ng5 h6 16. Nxe6 Rxe6 17. Bxf5
Qf6 18. Qc2 Kh8 19. O-O Qf7 20. g3 Nxe5 21. dxe5 Rxe5 22. Bg6
Qe6 23. h5 c5 24. Qd2 Ne7 25. f4 Re3 26. Kf2 Nd5 27. Rae1 Rxe1
28. Rxe1 Qc6 29. Be4 Rd8 30. Bc1 Bb7 31. Bf3 Qc8 32. Kg1 Bc6
33. Qg2 Rd6 34. Rd1 Qd7 35. Qd2 Bxa4 36. Re1 Nf6 37. Qe2 Bc6
38. Bxc6 Rxc6 39. Qxc4 Nxh5 40. Kh2 Nf6 0-1

[Event "Hastings Chess Congress"]
[Site "Hastings ENG"]
[Date "2013.01.01"]
[EventDate "2012.12.28"]
[Round "5"]
[Result "1-0"]
[White "Gawain Jones"]
[Black "Keith Arkell"]
[WhiteElo "2644"]
[BlackElo "2470"]
[PlyCount "71"]

1. d4 Nf6 2. c4 c5 3. d5 e5 4. Nc3 d6 5. e4 g6 6. h3 Bg7
7. Nf3 O-O 8. g4 Kh8 9. Be3 Ng8 10. Bd3 Ne7 11. Rg1 Nd7
12. Qd2 Nf6 13. a4 Nfg8 14. g5 f5 15. gxf6 Nxf6 16. Ng5 Nh5
17. Be2 Nf4 18. Bg4 Nf5 19. exf5 Qxg5 20. Ne4 Qh6 21. fxg6
Qxg6 22. f3 Qh6 23. O-O-O Bf5 24. Bxf5 Rxf5 25. Rg3 Rd8
26. Rdg1 Rd7 27. Kb1 Rh5 28. Ka2 b6 29. Qc2 Rh4 30. a5 b5
31. cxb5 Rxh3 32. Rxh3 Qxh3 33. Ng5 Qh5 34. Qf5 Re7 35. Bxf4
exf4 36. Rh1 1-0

[Event "Hastings Chess Congress"]
[Site "Hastings ENG"]
[Date "2013.01.03"]
[EventDate "2012.12.28"]
[Round "7"]
[Result "1/2-1/2"]
[White "Gawain Jones"]
[Black "Sarunas Sulskis"]
[WhiteElo "2644"]
[BlackElo "2550"]
[PlyCount "180"]

1. e4 e5 2. Nf3 Nc6 3. d4 exd4 4. Nxd4 Nf6 5. Nxc6 bxc6 6. e5
Qe7 7. Qe2 Nd5 8. c4 Nb6 9. Nc3 a5 10. Qe4 Ba6 11. Bd3 Qe6
12. b3 Bb4 13. Bb2 a4 14. Rc1 axb3 15. axb3 f5 16. exf6 Qxe4+
17. Bxe4 gxf6 18. O-O O-O 19. Rfd1 f5 20. Bf3 Rab8 21. Na2 Be7
22. c5 Nd5 23. Rxd5 cxd5 24. Bxd5+ Rf7 25. Be5 Bb7 26. Bc4 d5
27. cxd6 cxd6 28. Bf4 Kg7 29. Bxf7 Kxf7 30. Rc7 Ke6 31. Nc1
Ba6 32. h4 Rb7 33. Rxb7 Bxb7 34. Ne2 Bf6 35. Bg5 Be5 36. Nf4+
Bxf4 37. Bxf4 d5 38. h5 d4 39. f3 Kd5 40. Kf2 Bc8 41. Kg3 Ba6
42. Bd2 Bf1 43. Kf2 Bd3 44. g4 fxg4 45. fxg4 Bc2 46. b4 Bd1
47. Kg3 Ke5 48. Kh4 Be2 49. Bc1 Ke6 50. g5 Bf3 51. g6 hxg6
52. h6 g5+ 53. Kxg5 Be4 54. Bd2 Ke5 55. Bf4+ Ke6 56. Bh2 Bh7
57. Bg1 Ke5 58. Bf2 Be4 59. Bg3+ Ke6 60. Bf4 Bh7 61. Kg4 Kd5
62. Kf3 Bg6 63. Ke2 Bh7 64. Kd1 Kc4 65. Bd2 Bg6 66. Kc1 Kb5
67. Be1 Bf5 68. Kb2 Ka4 69. Bd2 Bg6 70. Kc1 Kb5 71. Kd1 Kc4
72. Ke2 Kd5 73. Kf3 Ke5 74. Kg4 Bf5+ 75. Kg5 Bh7 76. Bc1 Ke6
77. Bf4 Be4 78. Bb8 Bh7 79. Bg3 Be4 80. Bf2 Ke5 81. b5 d3
82. b6 Kd6 83. Be3 Kc6 84. Kf6 Kb7 85. Kg7 Kc6 86. h7 Bxh7
87. Kxh7 d2 88. b7 Kc7 89. b8=B+ Kc8 90. Bxd2 Kxb8 1/2-1/2

[Event "Hastings Chess Congress"]
[Site "Hastings ENG"]
[Date "2013.01.04"]
[EventDate "2012.12.28"]
[Round "8"]
[Result "1/2-1/2"]
[White "Hjorvar Steinn Gretarsson"]
[Black "Gawain Jones"]
[WhiteElo "2516"]
[BlackElo "2644"]
[PlyCount "101"]

1. d4 Nf6 2. c4 e6 3. g3 c5 4. d5 exd5 5. cxd5 d6 6. Nc3 g6
7. Bg2 Bg7 8. Nf3 O-O 9. O-O a6 10. a4 Nbd7 11. Bf4 Qc7 12. e4
Re8 13. Re1 Nh5 14. Bg5 Rb8 15. Bf1 Ne5 16. h3 Bd7 17. g4 Nf6
18. Nxe5 Rxe5 19. Bf4 Ree8 20. Qf3 h5 21. Qg3 Bf8 22. g5 Nh7
23. a5 b5 24. axb6 Rxb6 25. Rxa6 Rxa6 26. Bxa6 Qb6 27. Bf1 h4
28. Qf3 Bg7 29. Qd3 Qxb2 30. Nb5 Be5 31. Be3 Ra8 32. Qb1 Qxb1
33. Rxb1 Ra4 34. f3 Bxb5 35. Bxb5 Ra3 36. Kf2 Ra2+ 37. Be2 Bd4
38. f4 Bxe3+ 39. Kxe3 Ra3+ 40. Kf2 Rxh3 41. e5 dxe5 42. Rb8+
Kg7 43. d6 Nf8 44. fxe5 Rg3 45. Rb7 Rxg5 46. Bc4 Rf5+ 47. Kg2
Kg8 48. e6 fxe6 49. d7 Rg5+ 50. Kh3 Nxd7 51. Bxe6+ 1/2-1/2